<?xml version="1.0" encoding="UTF-8"?>
<marc:record xmlns:marc="http://www.loc.gov/MARC21/slim">
   <marc:leader>00000nam a2200000 a 4500</marc:leader>
   <marc:datafield ind1="1" ind2=" " tag="100">
      <marc:subfield code="a">Cherry, Brittainy C.</marc:subfield>
      <marc:subfield code="4">aut</marc:subfield>
      <marc:subfield code="e">Verfasser/-in</marc:subfield>
   </marc:datafield>
   <marc:datafield ind1="0" ind2="0" tag="245">
      <marc:subfield code="a">Wie die Stille vor dem Fall</marc:subfield>
   </marc:datafield>
   <marc:datafield ind1="0" ind2="0" tag="245">
      <marc:subfield code="b">zweites Buch</marc:subfield>
   </marc:datafield>
   <marc:datafield ind1="0" ind2="0" tag="245">
      <marc:subfield code="c">Cherry, Brittainy C.</marc:subfield>
   </marc:datafield>
   <marc:datafield ind1=" " ind2="1" tag="264">
      <marc:subfield code="a">Köln</marc:subfield>
      <marc:subfield code="b">LYX</marc:subfield>
      <marc:subfield code="c">2020</marc:subfield>
   </marc:datafield>
   <marc:datafield ind1="1" ind2=" " tag="490">
      <marc:subfield code="a">wie die Stille vor dem Fall</marc:subfield>
      <marc:subfield code="v">2</marc:subfield>
   </marc:datafield>
   <marc:datafield ind1="1" ind2=" " tag="520">
      <marc:subfield code="a">Angaben aus der Verlagsmeldung &#xD;
&#xD;
 Wie die Stille vor dem Fall. Zweites Buch  Landon&amp;Shay 02  / von Brittainy C. Cherry&#xD;
&#xD;
Die neue Reihe von SPIEGEL-Bestseller-Autorin Brittainy C. Cherry&#xD;
&#xD;
Landon und Shay können sich nicht ausstehen. In der Highschool gehen sie sich aus dem Weg, und wenn ihre Blicke sich treffen, dreht einer von ihnen auf dem Absatz um. Bis Landon sich auf eine Wette einlässt, die plötzlich alles zwischen ihnen verändert. Es war eine dumme Idee. Landon war sich sicher, dass er nichts zu verlieren hat. Bis aus dem Spiel plötzlich Ernst wird, und er sich mit einem Mal Dinge wünscht, von denen er nicht einmal wusste, dass er sie jemals wollen könnte. Liebe. Glück. Sie. Doch je mehr er sich in Shay verliebt, desto näher kommt sie seiner Dunkelheit und den Geheimnissen, die er niemals ans Tageslicht kommen lassen will ...&#xD;
&#xD;
"Die Emotionen haben mir den Atem geraubt. Brittainy C. Cherry ist eine Königin!" ANNA TODD &#xD;
&#xD;
Zweiter Teil des zweiten Bandes der herzzerreißenden CHANCES-Reihe von SPIEGEL-Bestseller-Autorin Brittainy C. Cherry</marc:subfield>
   </marc:datafield>
   <marc:datafield ind1=" " ind2=" " tag="020">
      <marc:subfield code="a">9783736314856</marc:subfield>
      <marc:subfield code="9">9783736314856</marc:subfield>
   </marc:datafield>
   <marc:datafield ind1=" " ind2=" " tag="020">
      <marc:subfield code="a">373631485X</marc:subfield>
      <marc:subfield code="9">373631485X</marc:subfield>
   </marc:datafield>
   <marc:datafield ind1=" " ind2=" " tag="041">
      <marc:subfield code="a">ger</marc:subfield>
   </marc:datafield>
   <marc:datafield ind1="0" ind2=" " tag="490">
      <marc:subfield code="v">2</marc:subfield>
   </marc:datafield>
   <marc:datafield ind1=" " ind2=" " tag="338">
      <marc:subfield code="a">Band</marc:subfield>
   </marc:datafield>
   <marc:datafield ind1=" " ind2=" " tag="300">
      <marc:subfield code="a">397 Seiten</marc:subfield>
   </marc:datafield>
</marc:record>
